| 000 | 00841nam a2200205 4500 | ||
|---|---|---|---|
| 001 | 121797 | ||
| 003 | ES-MaACL | ||
| 007 | t| | ||
| 008 | 070214s1982 sp r ||||1| spa d | ||
| 245 | 0 | 0 |
_aPliegos poéticos españoles en bibliotecas de Portugal _b: homenaje a Edward M. Wilson : edición en facsímile / _cprecedida de un estudio por María Cruz García de Enterría. |
| 260 |
_aMadrid : _bJoyas bibliográficas, _c1982. |
||
| 300 |
_a2 v. ; _c25 cm. |
||
| 490 | 1 |
_aJoyas bibliográficas. Serie conmemorativa ; _v24 |
|
| 500 | _aEl 2º volumen es una carpeta que contiene 19 cuadernillos. | ||
| 700 | 1 |
_aGarcía de Enterría, María Cruz. _954427 |
|
| 700 | 1 |
_aWilson, Edward M. _9117024 |
|
| 830 | 0 |
_aJoyas bibliográficas. Serie conmemorativa ; _v24 _9186523 |
|
| 852 |
_aES-MaACL _jL-4534-5 _bR.105059 |
||
| 999 |
_c121797 _d121797 |
||